00512nam a2200181 a 45000010010000000030011000100080041000210350026000620820014000881000020001022450025001222600034001476500012001819420012001939520090002059980020002959990015003150000-8980ELIB.Books110520 1993  a(ELIB.Books)0000-9129 a266 bBos aBosch, David J. aTransforming Mission bMaryknoll: Orbis Books c1993 aMission 2ddccBK 00102ddc4070aKBTSbKBTSd2011-05-20l0p8453r2022-01-22 00:00:00w2022-01-22yBK cbate2011-05-20 c8980d8980